000
00516nam a2200181Ia 4500
008
090123s9999 xx 000 0 und d
082
_b
26281
100
_a
पवार रमेश
245
_a
आवाज कुणाचा
250
_a
1
260
_b
अर्चना प्रकाशन
300
_a
131
600
_a
पवार रमेश
630
_a
आवाज कुणाचा
700
_a
पवार रमेश
730
_a
आवाज कुणाचा
942
_c
BOOK
999
_c
64351
_d
64351